000 00590nam a2200241Ia 4500
003 0100
008 130303s9999 xx 000 0 und d
020 _a0871932148
040 _cARRUPELIB
050 _aBF637.S4B4 1984
100 _aBeesing , Maria
245 4 _aThe Enneagram
245 _ba journey of self discovery
260 _aDenville NJ
260 _bDimension Books Inc.
260 _C1984
300 _av
300 _b 233p. 21cm
650 _aPSYCHOLOGY
650 _bPhilosophy--History
700 _aNogosek , Robert J ;O' Leary , Patrick H
942 0 0 _02
999 _c23877
_d23877